00642nam a22002057a 4500003000500000005001700005008004100022010001000063011001000073035001000083040000900093082001600102111009100118245001200209260006300221300002000284650002500304650002400329710008300353CHAP20220329140842.0971013s1987 r 10010 d a58665 a59637 a63797 cCHAP a634.956bT300aTaller Nacional sobre Semillas y Viveros Forestales (n1d: 1985c: San José, C. R.) aMemoria aSan José :bInstituto Tecnológico de Costa Rica,c1987 a552 p.b: ilus.14aSemillas forestales.14aViveros forestales.0 aCentro Agronómico Tropical de Investigación y Enseñanza. Turrialba, C.R.